[Event "German Masters 2019"]
[Site "Magdeburg"]
[Date "2019.05.26"]
[Round "1.1"]
[White "Fridman, Daniel"]
[Black "Bluebaum, Matthias"]
[Result "1/2-1/2"]
[WhiteElo "2644"]
[BlackElo "2618"]
[Annotator "TA"]
[PlyCount "92"]
[EventDate "2019.05.26"]
[EventType "tourn"]
[EventCountry "GER"]
[SourceTitle "playchess.com"]
[Source "ChessBase"]
[SourceQuality "1"]

{[%evp 19,92,18,20,15,14,14,11,14,16,17,17,20,32,26,20,21,33,0,0,0,0,0,26,21,64,60,64,60,68,60,88,88,96,76,112,97,98,97,97,97,96,80,80,56,56,56,50,7,57,57,57,57,57,0,57,0,57,57,57,57,57,57,63,40,50,55,59,0,0,0,0,0,0,0,0]} 1. d4 d5 2. c4 c6 3. Nf3 Nf6 4. Qb3 dxc4 5. Qxc4 Bf5 6. g3 e6 7. Bg2 Nbd7 8. O-O Be7 9. Nc3 O-O 10. Re1 Ne4 11. a4 {D23: Queen's Gambit Accepted: 3 Nf3 Nf6 sidelines} (11. Qb3 Qb6 12. Nh4 Qxb3 13. axb3 Bb4 14. Nxf5 exf5 15. Bxe4 fxe4 16. Bd2 Rfe8 17. Nxe4 Rxe4 18. Bxb4 Rxd4 19. Bc3 Re4 {½-½ (29) Nguyen,N (2618)-Maghsoodloo,P (2636) Hamedan 2018}) 11... a5 12. Bf4 $146 ({Predecessor:} 12. Nd2 Nd6 13. Qb3 Bg6 14. e4 Re8 15. Nf3 Nb6 16. Ne5 Bf8 17. Nxg6 hxg6 18. Bf1 {1-0 (62) Simsek,C (2073)-Babek,A (1817) Antalya 2013}) 12... h6 13. Qb3 Qb6 14. Qxb6 Nxb6 15. Nh4 Bxh4 16. gxh4 Nd5 17. Nxd5 cxd5 18. f3 Nf6 19. Rec1 Rfc8 20. Bf1 Bc2 21. e3 Nd7 22. Bb5 Nb6 23. Ra3 h5 24. Kf2 f6 25. Ke1 Kf7 26. Kd2 Bf5 27. Rac3 Rxc3 28. Rxc3 Rc8 29. b3 Rxc3 30. Kxc3 $16 {[%mdl 4096] Endgame KBB-KBN} Nc8 31. b4 axb4+ 32. Kxb4 Ke7 33. Kc5 Bg6 34. a5 Bc2 35. Be2 Kd7 36. Bb5+ Ke7 37. Be2 Kd7 $1 38. Bg3 Bb1 39. Bb5+ Ke7 40. Bf1 Bc2 41. Be2 Kd7 42. Bb5+ Ke7 43. Bb8 ({White should try} 43. Bf1 $14) 43... Bd1 $1 $11 {The position is equal.} 44. f4 Bc2 45. Be2 g6 46. Bb5 Bb1 {Accuracy: White = 69%, Black = 77%.} 1/2-1/2

[Event "German Masters 2019"]
[Site "Magdeburg"]
[Date "2019.05.26"]
[Round "1.2"]
[White "Keymer, Vincent"]
[Black "Bindrich, Falko"]
[Result "0-1"]
[WhiteElo "2521"]
[BlackElo "2599"]
[Annotator "TA"]
[PlyCount "64"]
[EventDate "2019.05.26"]
[EventType "tourn"]
[EventCountry "GER"]
[SourceTitle "playchess.com"]
[Source "ChessBase"]
[SourceQuality "1"]

{[%evp 11,106,24,22,0,0,9,6,-1,11,13,11,-16,5,0,7,0,0,0,0,16,8,10,13,22,8,6,23,0,0,0,-2,-119,-118,-126,-128,-119,-125,-116,-114,-131,-125,-160,-143,-149,-149,-156,-144,-197,-151,-146,0,-177,-142,-168,-147,-248,-153,-179,-171,-221,-174,-437,0,-223,-191,-264,-255,-293,-291,-289,-266,-488,-458,-453,-423,-599,-572,-816,-819,-544,-793,-772,-705,-720,-667,-1234,-1252,-1038,-853,-1225,-1151,-1035,-863,-5600,-5600,-5587,-4636]} 1. d4 Nf6 2. c4 e6 3. Nf3 d5 4. Nc3 Bb4 5. Qa4+ Nc6 6. e3 O-O 7. Qc2 {D38: Queen's Gambit Declined: Ragozin Defence (4 Nf3 Bb4)} b6 (7... Re8 8. Bd2 a6 9. a3 Bd6 10. Rd1 Bd7 11. Bc1 dxc4 12. Bxc4 h6 13. O-O e5 14. dxe5 Nxe5 15. Nxe5 Bxe5 {½-½ (27) Wojtaszek,R (2722)-Vidit,S (2711) Prague 2019}) 8. Bd2 Be7 9. a3 {The position is equal.} Ba6 10. Qa4 Nb8 $146 ({Predecessor:} 10... Bb7 11. cxd5 exd5 12. Bd3 Re8 {0-1 (45) Haspel,L-Barczi,T Ivanka pri Dunaji 1999}) 11. Be2 (11. cxd5 {feels hotter.} Bxf1 12. Rxf1 Nxd5 13. Ke2 a5 14. Rfd1) 11... c5 12. dxc5 bxc5 13. cxd5 Bxe2 14. Nxe2 exd5 15. O-O Qd7 16. Qc2 Nc6 17. Rfd1 Rfd8 18. Bc3 Rac8 19. Bxf6 Bxf6 20. Nf4 d4 21. e4 (21. Qxc5 $11 {keeps the balance.} Qb7 22. Qf5) 21... Ne5 $17 22. Nxe5 Bxe5 23. Nd3 Qd6 24. Nxe5 Qxe5 25. Rac1 c4 26. f3 h5 27. Qf2 a5 {[%cal Ba7a5,Ba5a4][%mdl 32]} 28. Rd2 a4 29. Qg3 (29. f4 $17 Qxe4 30. Re1) 29... Qc5 {Hoping for ...c3.} 30. Qf2 Qe5 31. Qg3 Qb5 32. h4 d3 {Played: Qb5-b3} 0-1

[Event "German Masters 2019"]
[Site "Magdeburg"]
[Date "2019.05.26"]
[Round "1.3"]
[White "Nisipeanu, Liviu-Dieter"]
[Black "Meier, Georg"]
[Result "1/2-1/2"]
[WhiteElo "2667"]
[BlackElo "2636"]
[Annotator "RC"]
[PlyCount "75"]
[EventDate "2019.05.26"]
[EventType "tourn"]
[EventCountry "GER"]
[SourceTitle "playchess.com"]
[Source "ChessBase"]
[SourceQuality "1"]
[TimeControl "40/5400+30:1800+30"]

1. e4 {[%emt 0:00:00]} e6 {[%emt 0:00:00]} 2. d4 {[%emt 0:00:00]} d5 {[%emt 0:00:05]} 3. Nc3 {[%emt 0:00:00]} dxe4 {[%emt 0:02:07]} 4. Nxe4 {[%emt 0:00:00]} Nd7 {[%emt 0:00:02]} 5. Nf3 {[%emt 0:00:15]} Ngf6 {[%emt 0:00:06]} 6. Bg5 {[%emt 0:00:12]} h6 {[%emt 0:00:15]} 7. Bxf6 {[%emt 0:00:09]} Nxf6 {[%emt 0:00:06]} 8. Bd3 {[%emt 0:00:05]} Nxe4 {[%emt 0:00:41]} 9. Bxe4 {[%emt 0:00:05]} c5 {[%emt 0:00:04]} 10. Qe2 {[%emt 0:01:27]} cxd4 {[%emt 0:08:01]} 11. O-O-O {[%emt 0:01:05]} Qb6 {[%emt 0:03:43]} 12. Rxd4 {[%emt 0:15:56]} Be7 {[%emt 0:00:13]} 13. c3 {[%emt 0:02:19]} Bf6 {[%emt 0:00:35]} 14. Rb4 {[%emt 0:01:10]} Qc5 {[%emt 0:10:04]} 15. Kb1 {[%emt 0:30:13]} Rb8 {[%emt 0:06:56]} 16. Rd1 {[%emt 0:04:22]} b5 {[%emt 0:07:41]} 17. Bd3 {[%emt 0:07:40]} a6 {[%emt 0:18:17]} 18. a4 {[%emt 0:02:38]} O-O {[%emt 0:03:31]} 19. Qe4 {[%emt 0:05:32]} Rd8 {[%emt 0:00:10]} 20. axb5 {[%emt 0:02:00]} axb5 {[%emt 0:05:55]} 21. Nd4 {[%emt 0:02:38]} Kf8 {[%emt 0:03:07]} 22. Qh7 {[%emt 0:08:06]} Ke7 {[%emt 0:01:37]} 23. Qe4 {[%emt 0:04:25]} Bb7 {[%emt 0:18:03]} 24. Qe3 {[%emt 0:00:57]} Bxd4 {[%emt 0:00:59]} 25. Rxd4 {[%emt 0:00:08]} Rxd4 {[%emt 0:00:05]} 26. cxd4 {[%emt 0:00:17]} Qa7 {[%emt 0:02:13]} 27. Rc1 {[%emt 0:03:53]} Bd5 {[%emt 0:02:43]} 28. Rc5 {[%emt 0:00:08]} Qa2+ {[%emt 0:00:44]} 29. Kc1 {[%emt 0:00:05]} Qa1+ {[%emt 0:00:28]} 30. Kc2 {[%emt 0:02:36]} Qa4+ {[%emt 0:04:45]} 31. Kd2 {[%emt 0:02:18]} Bc4 {[%emt 0:00:42]} 32. Rc7+ {[%emt 0:04:19]} Kf8 {[%emt 0:00:08]} 33. Rxf7+ {[%emt 0:00:52]} Kxf7 {[%emt 0:00:49]} 34. Qf4+ {[%emt 0:00:04]} Ke7 {[%emt 0:00:20]} 35. Qc7+ {[%emt 0:00:15]} Kf6 {[%emt 0:00:02]} 36. Qf4+ {[%emt 0:00:09]} Ke7 {[%emt 0:00:05]} 37. Qc7+ {[%emt 0:00:03]} Kf6 {[%emt 0:00:06]} 38. Qf4+ {[%emt 0:00:57] Ke5} 1/2-1/2

[Event "German Masters 2019"]
[Site "Magdeburg"]
[Date "2019.05.26"]
[Round "1.4"]
[White "Buhmann, Rainer"]
[Black "Miller, Eduard"]
[Result "1/2-1/2"]
[WhiteElo "2573"]
[BlackElo "2382"]
[Annotator "ChessBase"]
[PlyCount "93"]
[EventDate "2019.05.26"]
[EventType "tourn"]
[EventCountry "GER"]
[SourceTitle "playchess.com"]
[Source "ChessBase"]
[SourceQuality "1"]
[TimeControl "40/5400+30:1800+30"]

1. d4 {[%emt 0:00:00]} Nf6 {[%emt 0:00:00]} 2. c4 {[%emt 0:00:00]} g6 {[%emt 0:00:00]} 3. Nc3 {[%emt 0:00:00]} Bg7 {[%emt 0:00:00]} 4. e4 {[%emt 0:00:14]} d6 {[%emt 0:00:00]} 5. Be2 {[%emt 0:00:24]} O-O {[%emt 0:00:03]} 6. Be3 {[%emt 0:00:04]} e5 {[%emt 0:00:06]} 7. d5 {[%emt 0:00:10]} Na6 {[%emt 0:00:06]} 8. g4 {[%emt 0:00:24]} Nc5 {[%emt 0:00:05]} 9. f3 {[%emt 0:00:29]} a5 {[%emt 0:00:11]} 10. h4 {[%emt 0:03:13]} h5 {[%emt 0:00:06]} 11. g5 {[%emt 0:00:37]} Nfd7 {[%emt 0:00:06]} 12. Nh3 {[%emt 0:04:05]} Na6 {[%emt 0:00:50]} 13. b3 {[%emt 0:06:06]} Ndc5 {[%emt 0:06:46]} 14. Rb1 {[%emt 0:11:41]} c6 {[%emt 0:24:02]} 15. Nf2 {[%emt 0:11:11]} cxd5 {[%emt 0:09:05]} 16. cxd5 {[%emt 0:05:34]} f5 {[%emt 0:07:11]} 17. a3 {[%emt 0:10:13]} f4 {[%emt 0:12:23]} 18. Bd2 {[%emt 0:03:23]} Rf7 {[%emt 0:05:10]} 19. Kf1 {[%emt 0:08:40]} Bf8 {[%emt 0:05:34]} 20. Be1 {[%emt 0:01:02]} Be7 {[%emt 0:00:52]} 21. Bc4 {[%emt 0:10:33]} Qf8 {[%emt 0:03:38]} 22. b4 {[%emt 0:05:25]} axb4 {[%emt 0:00:08]} 23. axb4 {[%emt 0:00:02]} Nd7 {[%emt 0:00:10]} 24. Nd3 {[%emt 0:01:48]} Bd8 {[%emt 0:00:30]} 25. b5 {[%emt 0:05:15]} Nb6 {[%emt 0:14:05]} 26. Bb3 {[%emt 0:04:37]} Nc5 {[%emt 0:01:12]} 27. Nxc5 {[%emt 0:00:08]} dxc5 {[%emt 0:00:07]} 28. Ra1 {[%emt 0:01:58]} Rxa1 {[%emt 0:00:38]} 29. Qxa1 {[%emt 0:00:01]} Kh7 {[%emt 0:06:21]} 30. Kg2 {[%emt 0:00:24]} Bd7 {[%emt 0:00:45]} 31. Bf2 {[%emt 0:00:28]} c4 {[%emt 0:01:30]} 32. Bc2 {[%emt 0:00:32]} Nc8 {[%emt 0:00:20]} 33. Rb1 {[%emt 0:02:11]} Bb6 {[%emt 0:00:13]} 34. Na4 {[%emt 0:00:36]} Bxf2 {[%emt 0:00:33]} 35. Kxf2 {[%emt 0:00:02]} Nb6 {[%emt 0:01:49]} 36. Nxb6 {[%emt 0:02:21]} Qc5+ {[%emt 0:00:05]} 37. Kg2 {[%emt 0:00:07]} Qxb6 {[%emt 0:00:03]} 38. Qc3 {[%emt 0:00:45]} Bh3+ {[%emt 0:00:46]} 39. Kxh3 {[%emt 0:00:34]} Qf2 {[%emt 0:00:08]} 40. Qe1 {[%emt 0:00:06]} Qxc2 {[%emt 0:00:07]} 41. Rc1 {[%emt 0:06:30]} Qa2 {[%emt 0:03:51]} 42. Qf1 {[%emt 0:11:17]} Rc7 {[%emt 0:04:58]} 43. d6 {[%emt 0:04:14]} Rd7 {[%emt 0:00:10]} 44. Rxc4 {[%emt 0:00:40]} Qd2 {[%emt 0:00:33]} 45. Rc8 {[%emt 0:07:18]} Qxd6 {[%emt 0:05:55]} 46. Qc4 {[%emt 0:01:24]} Rg7 {[%emt 0:00:06]} 47. Qd5 {[%emt 0:05:51]} 1/2-1/2

[Event "German Masters 2019"]
[Site "Magdeburg"]
[Date "2019.05.27"]
[Round "2.1"]
[White "Bluebaum, Matthias"]
[Black "Miller, Eduard"]
[Result "1-0"]
[WhiteElo "2618"]
[BlackElo "2382"]
[Annotator "TA"]
[PlyCount "65"]
[EventDate "2019.05.26"]
[EventType "tourn"]
[EventCountry "GER"]
[SourceTitle "playchess.com"]
[Source "ChessBase"]
[SourceQuality "1"]

{[%evp 13,65,31,56,44,44,33,66,41,46,49,63,37,39,58,79,87,103,33,39,30,37,53,57,20,45,53,175,180,164,162,177,178,176,179,138,80,231,229,218,208,209,209,203,92,187,178,222,222,231,223,221,211,469,464]} 1. d4 Nf6 2. c4 g6 3. Nc3 Bg7 4. e4 d6 5. h3 O-O 6. Be3 e5 7. d5 a5 8. g4 {E71: King's Indian: 4 e4 d6 5 h3} Na6 9. Nge2 Nd7 10. Qd2 {White is slightly better.} Ndc5 11. Ng3 c6 12. Be2 cxd5 $1 13. exd5 $146 ({Predecessor:} 13. cxd5 a4 14. h4 Bd7 15. h5 Rc8 {0-1 (39) Caruana,F (2832)-Nakamura,H (2746) London 2018}) 13... f5 14. gxf5 $1 Bxf5 15. Nxf5 (15. h4 $1 $16) 15... gxf5 $14 16. O-O-O f4 17. Bxc5 $1 Nxc5 18. Bd3 e4 19. Bxe4 Nxe4 ({Black should try} 19... a4 $14) 20. Nxe4 $18 Rc8 21. Qc2 Qd7 {Black wants to play ...Rxc4.} 22. Rhg1 Kh8 23. Kb1 b5 {[#]} 24. Ng5 (24. c5 $142 $1 dxc5 25. Rg5) 24... Be5 $2 (24... Bf6 $16) 25. Ne6 Rf7 {[#]} 26. c5 $1 {[%cal Rc5c6]} dxc5 27. Rge1 Bf6 28. Nxf4 (28. d6 $18 {and White stays clearly on top.}) 28... Bd4 (28... a4 $16) 29. Qe4 Qf5 30. Ne6 Qxe4+ 31. Rxe4 Rd7 32. Nxd4 Rxd5 $2 (32... cxd4 33. Rexd4 (33. Rdxd4 Kg7 $16) 33... Rd6) 33. Rc1 {Accuracy: White = 72%, Black = 52%.} 1-0

[Event "German Masters 2019"]
[Site "Magdeburg"]
[Date "2019.05.27"]
[Round "2.2"]
[White "Meier, Georg"]
[Black "Buhmann, Rainer"]
[Result "1/2-1/2"]
[WhiteElo "2636"]
[BlackElo "2573"]
[Annotator "TA"]
[PlyCount "77"]
[EventDate "2019.05.26"]
[EventType "tourn"]
[EventCountry "GER"]
[SourceTitle "playchess.com"]
[Source "ChessBase"]
[SourceQuality "1"]

{[%evp 9,77,31,21,13,16,0,22,8,2,-2,-14,-8,-17,-22,-22,-22,0,0,0,0,-6,-16,0,0,0,0,0,0,0,-5,-5,-5,-5,-14,-14,-15,-22,-39,-36,-34,-25,-25,-17,-32,-32,-32,-32,-32,-18,-32,-32,-32,0,0,41,41,41,41,41,41,41,41,41,0,41,0,41,0,41,0]} 1. Nf3 d5 2. g3 Nd7 3. d4 b5 4. Nc3 c6 5. a3 f5 $146 ({Predecessor:} 5... Ngf6 6. Bg2 e6 7. e4 b4 8. axb4 Bxb4 9. Nd2 Nb6 10. e5 Nfd7 11. Ne2 {1-0 (42) Meier,G (2623)-Postny,E (2630) Nancy 2019}) 6. Bf4 {D02: 1 d4 d5 2 Nf3 sidelines, including 2...Nf6 3 g3 and 2...Nf6 3 Bf4} e6 7. Qd2 Ngf6 8. Qe3 {The position is equal.} Qe7 9. Bh3 h6 10. Ne5 Nxe5 $1 11. Bxe5 Nd7 12. Na2 {[%cal Bc3a2,Ba2c1,Bc1d3,Bd3f4][%mdl 32]} Nxe5 13. Qxe5 Qf6 14. Qxf6 gxf6 15. e3 c5 16. Nc1 Rh7 17. Nd3 c4 18. Nf4 Bd6 19. g4 fxg4 20. Bxg4 Ke7 21. Bf3 Rg7 22. Kd2 Bd7 23. Rag1 Rag8 24. Rg3 a5 25. Rhg1 Rg5 26. h4 Rxg3 27. Rxg3 Rxg3 28. fxg3 $15 {[%mdl 4096] Endgame KBB-KBN} Be8 29. c3 f5 30. Kc2 Bxf4 (30... Bf7 {feels hotter.} 31. Kd2 Bb8 32. Ke2 Kf6 33. Kf2 Bd6) 31. exf4 {KB-KB} h5 32. b4 a4 33. Kd2 Kf6 34. Ke3 Bg6 35. Kf2 $1 Kg7 36. Ke3 Kf6 37. Kf2 Kg7 38. Ke3 Kf6 39. Kf2 {Accuracy: White = 35%, Black = 74%.} 1/2-1/2

[Event "German Masters 2019"]
[Site "Magdeburg"]
[Date "2019.05.27"]
[Round "2.3"]
[White "Bindrich, Falko"]
[Black "Nisipeanu, Liviu-Dieter"]
[Result "1/2-1/2"]
[WhiteElo "2599"]
[BlackElo "2667"]
[Annotator "TA"]
[PlyCount "64"]
[EventDate "2019.05.26"]
[EventType "tourn"]
[EventCountry "GER"]
[SourceTitle "playchess.com"]
[Source "ChessBase"]
[SourceQuality "1"]

{[%evp 13,64,0,3,14,16,8,27,19,19,26,38,25,38,38,38,38,39,36,38,18,22,18,14,19,19,14,15,12,11,0,0,0,0,0,0,0,0,0,0,0,0,0,0,0,0,0,0,-4,-5,-5,0,0,0]} 1. d4 d5 2. c4 e6 3. Nf3 Nf6 4. g3 Be7 5. Bg2 O-O 6. Nc3 dxc4 7. Ne5 Nc6 8. Bxc6 {E06: Closed Catalan: Early deviations} bxc6 9. Nxc6 Qe8 10. Nxe7+ {White has an edge.} Qxe7 11. Qa4 Nd5 (11... c5 12. dxc5 Qxc5 13. Be3 Qc7 14. O-O-O Ng4 15. Rd2 Nxe3 16. fxe3 Rb8 17. Rhd1 a5 18. Kb1 h6 19. Ka1 Rb4 {1-0 (49) Caruana,F (2822)-Nakamura,H (2777) Saint Louis 2018}) 12. Qxc4 a5 13. O-O $146 ({Predecessor:} 13. Bd2 Ba6 14. Qc5 Qd7 15. Rc1 a4 {½-½ (68) Malakhov,V (2654)-Bacrot,E (2677) Zagreb 2018}) 13... Ba6 14. Qa4 Rfd8 15. Re1 Qb4 16. a3 Nxc3 {The position is equal.} 17. axb4 Nxa4 18. Rxa4 Rxd4 19. Rxa5 Rxb4 20. Bf4 {[#] aiming for Rea1.} Bb7 21. Rxa8+ Bxa8 22. Bxc7 $11 {[%mdl 4096] Endgame KRB-KRB} (22. Rc1 {feels hotter.} Rxb2 23. Rxc7 Rb1+ 24. Bc1 h5 25. f3) 22... f6 23. Rd1 {Threatens to win with Rd8+.} Bd5 24. Ba5 Rxb2 25. Kf1 Kf7 26. f3 g5 27. Rd2 Rb1+ 28. Kf2 h5 29. h3 Rh1 30. Kg2 Ra1 31. Bc3 Ra2 32. Rxa2 Bxa2 {Accuracy: White = 94%, Black = 65%.} 1/2-1/2

[Event "German Masters 2019"]
[Site "Magdeburg"]
[Date "2019.05.27"]
[Round "2.4"]
[White "Fridman, Daniel"]
[Black "Keymer, Vincent"]
[Result "1-0"]
[WhiteElo "2644"]
[BlackElo "2521"]
[Annotator "TA"]
[PlyCount "59"]
[EventDate "2019.05.26"]
[EventType "tourn"]
[EventCountry "GER"]
[SourceTitle "playchess.com"]
[Source "ChessBase"]
[SourceQuality "1"]

{[%evp 26,59,24,0,14,0,18,14,18,0,12,0,25,6,32,34,56,85,50,47,54,61,331,324,465,475,472,225,465,465,767,762,735,706,1164,1114]} 1. d4 d5 2. c4 e6 3. Nf3 Nf6 4. Nc3 c5 5. cxd5 Nxd5 6. e4 Nxc3 7. bxc3 cxd4 8. cxd4 Bb4+ 9. Bd2 Bxd2+ 10. Qxd2 O-O 11. Bc4 Nd7 12. O-O b6 13. Rfe1 Bb7 14. Rad1 Rc8 {D41: Queen's Gambit Declined: Semi-Tarrasch with 5 cxd5} 15. Bb3 h6 (15... Re8 16. h3 Nf6 17. Qf4 Nh5 18. Qh2 h6 19. h4 a5 20. g4 Nf6 21. Qf4 b5 22. Ne5 {½-½ (50) Adhiban,B (2683)-Ding,L (2812) Astana 2019}) 16. h3 Re8 {The position is equal.} 17. Re3 Nf6 18. Qe2 Qc7 19. Ne5 {[#]} Red8 $146 ({Predecessor:} 19... b5 20. Ng4 Nxe4 21. Rxe4 Bxe4 22. Qxe4 {½-½ (31) Speelman,J (2509)-Vaganian,R (2535) Rhodes 2019}) 20. f4 b5 21. f5 Qb6 22. fxe6 fxe6 23. Ng4 $36 {[%mdl 2048] White has the initiative.} Nh7 $2 {[%mdl 8192]} (23... Nxg4 $14 24. Qxg4 Rxd4 25. Qxe6+ (25. Bxe6+ Kh8 $11) 25... Kh7 26. Qxb6 Rxd1+ 27. Bxd1 axb6) 24. Rg3 $18 {[#] And now Nxh6+ would win.} Rxd4 ({Worse is} 24... Ng5 {[#]} 25. Nxh6+ $1 {[%mdl 512]} gxh6 26. h4 $16) (24... Rf8 {was necessary.} 25. Nxh6+ Kh8) 25. Nxh6+ Kh8 26. Nf7+ Kg8 {( -> ...Rxd1+)} 27. Kh2 {aiming for Qg4.White is clearly winning.} Rxd1 (27... Rf8 $142 28. Qg4 Rxf7 29. Rxd4 (29. Bxe6 Qxe6 30. Qxe6 Rxd1 $11) 29... Nf8) 28. Qxd1 Nf6 29. Ng5 Rd8 30. Qf3 {Accuracy: White = 96%, Black = 37%.} 1-0

[Event "German Masters 2019"]
[Site "Magdeburg"]
[Date "2019.05.28"]
[Round "3.1"]
[White "Keymer, Vincent"]
[Black "Bluebaum, Matthias"]
[Result "1/2-1/2"]
[WhiteElo "2521"]
[BlackElo "2618"]
[Annotator "TA"]
[PlyCount "86"]
[EventDate "2019.05.26"]
[EventType "tourn"]
[EventCountry "GER"]
[SourceTitle "playchess.com"]
[Source "ChessBase"]
[SourceQuality "1"]

{[%evp 12,86,21,8,8,8,20,28,28,15,16,15,12,8,14,20,16,8,14,6,11,10,10,10,10,15,18,10,10,0,29,26,31,25,37,39,54,31,56,73,75,102,79,0,29,37,420,0,38,31,46,0,73,42,45,0,36,0,0,0,0,0,0,0,0,0,0,0,0,0,0,0,0,0,0,0,71]} 1. d4 Nf6 2. c4 e6 3. Nf3 d5 4. Nc3 Bb4 5. cxd5 exd5 6. Bg5 h6 7. Bh4 O-O {D38: Queen's Gambit Declined: Ragozin Defence (4 Nf3 Bb4)} 8. e3 Bf5 9. Qb3 Bxc3+ {White has an edge.} 10. bxc3 (10. Qxc3 Nbd7 11. Bd3 Bxd3 12. Qxd3 c6 13. O-O a5 14. Rac1 Re8 15. Rc2 {½-½ (30) Topalov,V (2740)-Karjakin,S (2752) Abidjan 2019}) 10... Nbd7 11. Be2 c5 12. dxc5 Nxc5 13. Qb4 Rc8 14. O-O g5 15. Bg3 Re8 $146 16. Nd4 Bd7 17. c4 dxc4 18. Bxc4 Nfe4 19. Rad1 Qe7 20. Bd5 Nxg3 21. hxg3 b6 22. Qb1 Kg7 23. e4 Na4 ({Not} 23... Nxe4 $2 24. Rfe1 $18) 24. Qa1 {White threatens Nf5+! and mate.} f6 25. Rd3 b5 26. f4 {aiming for e5!} Nb6 27. f5 ({Better is} 27. Bb3 $1 $16) 27... Nxd5 28. exd5 Qe4 $2 {[%mdl 8192]} ({Black should try} 28... Qc5 $14) 29. Qd1 $2 ({White has to play} 29. Ne6+ $1 $18 Bxe6 30. fxe6 Qxd3 31. Qxf6+ Kh7 32. Qf7+ {[%mdl 64] Double Attack} Kh8 33. Rf6 Qb1+ 34. Kh2 $1 {[%mdl 512]}) 29... Re5 (29... Rc1 $5 {[%cal Rc1d1]} 30. Ne6+ Kg8 31. Qxc1 Qxd3 $14) 30. Ne6+ Kh7 31. g4 Qe2 (31... Kg8 $11) 32. Qxe2 $16 Rxe2 33. Rff3 {Hoping for Rh3!} (33. Rh3 $5 {[%cal Rf1f3]}) 33... Kg8 ({Wrong is} 33... Rxa2 $2 {[#]} 34. Rh3 $1 $18 {[%mdl 512]}) (33... Rcc2 $5 {[%cal Re2g2]} 34. Nf8+ Kg7 35. Nxd7 Rxg2+ 36. Kh1 Rh2+ 37. Kg1 Rcg2+ {[%mdl 64] Double Attack} 38. Kf1 Rxa2 $11) 34. Rc3 {And now Rxc8+ would win.} (34. Rh3 $5 {[%cal Rh3h6]} Rc1+ 35. Kh2 $14) 34... Rxc3 {The position is equal.} ({Of course not} 34... Rxa2 $6 35. Rxc8+ Bxc8 36. Rc3 $16) 35. Rxc3 $11 {[%mdl 4096] Endgame Rc7 is the strong threat. KRB-KRN} Kf7 36. Rc7 Ke7 37. Rxa7 {Strongly threatening Nc5.} Rd2 38. Nc7 Kd6 39. Kh2 Rd4 40. Kg3 Ra4 41. Rb7 $1 Ra3+ 42. Kh2 Ra4 43. Kg3 Ke5 {Accuracy: White = 70%, Black = 51%.} (43... Ra3+ $11 {remains equal.} 44. Kh2 b4) 1/2-1/2

[Event "German Masters 2019"]
[Site "Magdeburg"]
[Date "2019.05.28"]
[Round "3.2"]
[White "Nisipeanu, Liviu-Dieter"]
[Black "Fridman, Daniel"]
[Result "1-0"]
[WhiteElo "2667"]
[BlackElo "2644"]
[Annotator "TA"]
[PlyCount "61"]
[EventDate "2019.05.26"]
[EventType "tourn"]
[EventCountry "GER"]
[SourceTitle "playchess.com"]
[Source "ChessBase"]
[SourceQuality "1"]

{[%evp 13,61,28,25,14,15,2,18,25,19,0,0,0,0,0,0,0,7,0,0,0,0,0,0,0,0,0,0,0,101,95,438,422,429,435,424,425,403,386,733,725,743,743,685,698,1235,1213,1816,1804,1804,1399]} 1. e4 e5 2. Nf3 Nf6 3. Nxe5 d6 4. Nf3 Nxe4 5. Nc3 Nxc3 6. dxc3 Be7 7. Be3 O-O 8. Qd2 {C42: Petroff Defence: 3 Nxe5 and unusual White 3rd moves} Nd7 9. O-O-O Nf6 10. Bd3 {The position is equal.} c5 11. Kb1 Rb8 12. Rhe1 b5 $1 13. Bg5 {[#]} Be6 $146 ({Predecessor:} 13... c4 14. Nd4 Bd7 15. Nf5 Bxf5 16. Bxf5 {1-0 (46) Vidit,S (2711)-Gelfand,B (2655) Prague 2019}) 14. Qf4 Qa5 15. b3 {White wants to play Qh4.} h6 ({But not} 15... Qxc3 $2 16. Qh4 $18) 16. Bxh6 ({Wrong is} 16. Bxf6 $2 Bxf6 17. Re3 Rb6 $19) 16... Nd5 17. Bh7+ $1 ({Don't go for} 17. Qg3 $2 Nxc3+ 18. Kb2 Bf6 $19) 17... Kxh7 {[#]} 18. Rxd5 $1 {[%mdl 512]} Bxd5 19. Bxg7 $40 {[%mdl 128] White is up to no good.} Kxg7 20. Qg4+ Kh7 (20... Kh8 $11 {keeps the balance.} 21. Rxe7 Bxf3 22. Qxf3 Rbe8) 21. Rxe7 $16 Bxf3 $4 {[%mdl 8192]} (21... Rbe8 $16 {is a better chance.}) 22. Qxf3 $18 {[#] White wants to mate with Qh5+.} Qd8 23. Qh5+ Kg7 24. Qg5+ Kh7 25. f4 d5 $2 (25... Rb7 26. Qh5+ Kg8 27. Qg5+ Kh7 28. Qh4+ Kg8 29. Qg5+ Kh7) 26. f5 {Threatening mate with f6.White is clearly winning.} Rb6 27. f6 Rxf6 28. Qxf6 Kg8 29. Qg5+ Kh8 30. Qh6+ Kg8 31. Re3 {Accuracy: White = 89%, Black = 50%.} 1-0

[Event "German Masters 2019"]
[Site "Magdeburg"]
[Date "2019.05.28"]
[Round "3.3"]
[White "Buhmann, Rainer"]
[Black "Bindrich, Falko"]
[Result "1/2-1/2"]
[WhiteElo "2573"]
[BlackElo "2599"]
[Annotator "TA"]
[PlyCount "50"]
[EventDate "2019.05.26"]
[EventType "tourn"]
[EventCountry "GER"]
[SourceTitle "playchess.com"]
[Source "ChessBase"]
[SourceQuality "1"]

{[%evp 15,50,27,40,14,27,20,27,25,14,14,17,13,18,12,18,0,8,0,0,0,0,-7,0,0,0,0,0,0,0,0,0,0,0,0,0,0,0]} 1. e4 e5 2. Nf3 Nf6 3. Nxe5 d6 4. Nf3 Nxe4 5. d4 d5 6. Bd3 Bf5 7. O-O Be7 8. Re1 O-O 9. Nbd2 {[%cal Rd2e4,Bb1d2,Bd2f1,Bf1e3][%mdl 32] C42: Petroff Defence: 3 Nxe5 and unusual White 3rd moves} Nd6 $1 10. Bxf5 Nxf5 11. Nf1 {White has an edge.} c6 12. Qd3 {The position is equal.} Nd6 13. Bf4 Na6 14. Ne3 Nc7 {[#]} 15. Bxd6 $146 ({Predecessor:} 15. Rad1 Ne6 16. Bxd6 Bxd6 17. g3 Re8 {½-½ (30) Anand,V (2773)-Vidit,S (2695) Wijk aan Zee 2019}) 15... Bxd6 16. Nf5 g6 17. Nxd6 Qxd6 18. g3 Rfe8 19. c3 Rxe1+ (19... f6 {looks sharper.} 20. Kg2 Qd7 21. a4 Kg7 22. h4 Rab8) 20. Rxe1 Re8 21. Rxe8+ Nxe8 22. Qe3 Ng7 23. Kg2 f6 24. Ne1 Qe6 25. Qxe6+ Nxe6 {Accuracy: White = 47%, Black = 88%.} 1/2-1/2